[Event "GCT Rapid YourNextMove"]
[Site "Leuven BEL"]
[Date "2018.06.12"]
[Round "2.2"]
[White "Aronian,L"]
[Black "Nakamura,Hi"]
[Result "1-0"]
[WhiteElo "2764"]
[BlackElo "2769"]

1.c4 Nf6 2.Nf3 e6 3.g3 d5 4.Bg2 Be7 5.O-O O-O 6.b3 c5 7.Bb2 Nc6 8.cxd5 Nxd5
9.Nc3 b6 10.Nxd5 exd5 11.d4 Be6 12.Qb1 a5 13.Rd1 Ra7 14.Bc3 a4 15.bxa4 Rxa4
16.Qb5 Rc4 17.Rac1 Bf6 18.Qxc6 cxd4 19.Bxd4 Rxc6 20.Rxc6 Qa8 21.Rxb6 Qa4
22.Rd2 Rc8 23.h4 Bd8 24.Rb3 h6 25.Kh2 Bf5 26.Rdb2 Bc7 27.Be5 Bxe5 28.Nxe5 Qe8
29.Nf3 Be4 30.Bh3 Ra8 31.Nd4 Qe5 32.e3 g5 33.h5 Ra6 34.Rb6 Rxb6 35.Rxb6 Qc7
36.Rxh6 Qa5 37.Bg2 Qxa2 38.Bxe4 dxe4 39.Kg2 Kg7 40.Rd6 g4 41.Nf5+ Kh7 42.Rf6 Qb3
43.Nh6 Qd5 44.Nxf7 Kg7 45.Rf4 Kh7 46.h6 Kg6 47.Rxg4+ Kxf7 48.h7 Qh5 49.Rh4 Qf3+
50.Kg1 Qd1+ 51.Kh2 Qe2 52.h8=Q Qxf2+ 53.Kh3 Qf5+ 54.Kg2 Qf3+ 55.Kg1 Qxe3+
56.Kf1 Qf3+ 57.Ke1 Qxg3+ 58.Kd2 Qd3+ 59.Kc1 Qc4+ 60.Kb2 Qb4+ 61.Kc2 Qc5+
62.Kd1 Qg1+ 63.Ke2 Qg2+ 64.Ke3 Qf3+ 65.Kd4 Qd3+ 66.Ke5 Qc3+ 67.Kf5 Qc5+ 68.Qe5 Qc8+
69.Kg5 Qd8+ 70.Kh5 Qd1+ 71.Rg4  1-0

[Event "GCT Rapid YourNextMove"]
[Site "Leuven BEL"]
[Date "2018.06.12"]
[Round "3.2"]
[White "Nakamura,Hi"]
[Black "Karjakin,Sergey"]
[Result "1/2-1/2"]
[WhiteElo "2769"]
[BlackElo "2782"]

1.e4 e5 2.Nf3 Nc6 3.Bb5 Nf6 4.d3 Bc5 5.Bxc6 dxc6 6.h3 O-O 7.Nc3 Nd7 8.Be3 Re8
9.Ne2 Bb4+ 10.Nd2 Nf8 11.a3 Bd6 12.O-O Ng6 13.Nc4 Be6 14.Nxd6 cxd6 15.f4 exf4
16.Nxf4 d5 17.Nxg6 hxg6 18.e5 d4 19.Bf4 c5 20.Qd2 Qd5 21.Rae1 c4 22.Rd1 Red8
23.Bg5 Rdc8 24.dxc4 Rxc4 25.b3 Rc5 26.Be7 Rc7 27.Bd6 Rc3 28.Bb4 Rc6 29.c4 Qxe5
30.Rde1 Qc7 31.Qxd4 Qb6 32.c5 Qd8 33.Qe3 Qd5 34.Rd1 Qxb3 35.Rd3 Qc4 36.Rf4 Qb5
37.Kh2 a5 38.a4 Qxb4 39.Rxb4 axb4 40.Qd2 Rxc5 41.Rd8+ Rxd8 42.Qxd8+ Kh7 43.Qb6 Rc8
44.Qxb7 b3 45.a5 Rc2 46.a6 Ra2 47.a7 b2 48.a8=Q Rxa8 49.Qxb2 Ra4 50.Qe5  1/2-1/2

[Event "GCT Rapid YourNextMove"]
[Site "Leuven BEL"]
[Date "2018.06.13"]
[Round "4.4"]
[White "Caruana,F"]
[Black "Nakamura,Hi"]
[Result "1-0"]
[WhiteElo "2816"]
[BlackElo "2769"]

1.e4 e5 2.Nf3 Nc6 3.Bb5 Nf6 4.d3 Bc5 5.c3 O-O 6.O-O Re8 7.Nbd2 a6 8.Bxc6 dxc6
9.Nc4 Nd7 10.b4 Bf8 11.a4 b5 12.Na5 Qf6 13.Be3 Nb6 14.axb5 cxb5 15.Qc2 Bg4
16.Nd2 Qg6 17.f3 Bh3 18.Ndb3 Na4 19.Nc5 Bxc5 20.bxc5 Rad8 21.Rf2 Bc8 22.Rd2 f5
23.Re1 f4 24.Bf2 Bh3 25.Bh4 Rd7 26.Kh1 Nxc5 27.d4 Qh5 28.Bf2 Na4 29.Bg1 Rd6
30.d5 Rg6 31.Qd3 Bd7 32.c4 h6 33.Rc1 Kh7 34.Qa3 c5 35.Bxc5 bxc4 36.Nxc4 Nxc5
37.Qxc5 Bh3 38.Qa3 Bd7 39.d6 Qg5 40.Qxa6 h5 41.Qb7 Rd8 42.Qd5 Re8 43.Qb7 Rd8
44.Qc7 Be8 45.Qc5 Re6 46.Rd5 Rg6 47.Rg1 Re6 48.Nxe5 Qf6 49.d7 Bf7 50.Nxf7 Qxf7
51.Rxh5+ Kg8 52.Rd5 Rh6 53.Rgd1 Ra6 54.h3 Ra2 55.Qc7 Raa8 56.Kh2 Kh7 57.R1d2 g6
58.Re5  1-0

[Event "GCT Rapid YourNextMove"]
[Site "Leuven BEL"]
[Date "2018.06.13"]
[Round "5.4"]
[White "Nakamura,Hi"]
[Black "Vachier Lagrave,M"]
[Result "1/2-1/2"]
[WhiteElo "2769"]
[BlackElo "2789"]

1.e4 c5 2.Nf3 d6 3.Nc3 Nf6 4.h3 e5 5.Bc4 Be7 6.d3 Nc6 7.O-O O-O 8.a3 Be6
9.Nd5 Bxd5 10.exd5 Nd4 11.Nh2 Qd7 12.f4 e4 13.c3 Nf5 14.g4 Nh4 15.Qe1 b5
16.Ba2 exd3 17.Qxh4 c4 18.Qg3 Nxd5 19.Qg2 Nc7 20.Be3 Rfe8 21.g5 Qf5 22.Ng4 Bf8
23.Rae1 d5 24.Bd4 Rxe1 25.Rxe1 Bd6 26.Ne3 Re8 27.Nxf5 Rxe1+ 28.Qf1 d2 29.Ne3 Ne6
30.Kf2 Bxf4 31.Nd1 Bg3+ 32.Kg1 Bh2+ 33.Kf2 Bg3+ 34.Kg1 Bh2+  1/2-1/2

[Event "GCT Rapid YourNextMove"]
[Site "Leuven BEL"]
[Date "2018.06.13"]
[Round "6.5"]
[White "Grischuk,A"]
[Black "Nakamura,Hi"]
[Result "0-1"]
[WhiteElo "2766"]
[BlackElo "2769"]

1.e4 e5 2.Nf3 Nc6 3.Bb5 Nf6 4.O-O Nxe4 5.d4 Nd6 6.dxe5 Nxb5 7.a4 Nbd4 8.Nxd4 Nxd4
9.Qxd4 d5 10.Qd3 c6 11.a5 Qd7 12.f4 Qf5 13.Qc3 Bd7 14.Qb3 Bc5+ 15.Be3 Bxe3+
16.Qxe3 Qxc2 17.Qa3 Bf5 18.Qb4 Qe4 19.Qc5 Qc4 20.Qxc4 dxc4 21.Nd2 Bd3 22.Rfc1 O-O-O
23.Nxc4 Bxc4 24.Rxc4 a6 25.Rac1 Rd2 26.R1c2 Rhd8 27.Rxd2 Rxd2 28.b3 g6 29.h3 Rd3
30.b4 Kd7 31.Kf2 Rd2+ 32.Kf3 Ke6 33.g4 Rd3+ 34.Ke4 Rxh3 35.f5+ Ke7 36.Rd4 h5
37.Rd6 Rh4 38.f6+ Ke8 39.e6 Rxg4+ 40.Ke5 Rg5+ 41.Ke4 Rd5  0-1

[Event "GCT Rapid YourNextMove"]
[Site "Leuven BEL"]
[Date "2018.06.14"]
[Round "7.1"]
[White "Nakamura,Hi"]
[Black "So,W"]
[Result "0-1"]
[WhiteElo "2769"]
[BlackElo "2778"]

1.d4 Nf6 2.Bf4 d5 3.e3 c5 4.dxc5 e6 5.b4 a5 6.c3 Bd7 7.Qb3 axb4 8.cxb4 b6
9.Bd6 Ne4 10.Qb2 Nxd6 11.cxd6 Qf6 12.Qxf6 gxf6 13.b5 Bxd6 14.a4 Ke7 15.Bd3 Rc8
16.Ne2 e5 17.f3 f5 18.Ra2 Be6 19.Rc2 Bb4+ 20.Kf1 Rxa4 21.Rxc8 Bxc8 22.Nec3 Bxc3
23.Nxc3 Ra3 24.Nxd5+ Kd6 25.Nxb6 Be6 26.Bb1 Kc5 27.Nc8 Bxc8 28.Kf2 Be6 29.g4 fxg4
30.Bxh7 Nd7 31.Rb1 Ra2+ 32.Kg3 gxf3 33.h4 f5 34.Kxf3 Nf6  0-1

[Event "GCT Rapid YourNextMove"]
[Site "Leuven BEL"]
[Date "2018.06.14"]
[Round "8.5"]
[White "Nakamura,Hi"]
[Black "Anand,V"]
[Result "1-0"]
[WhiteElo "2769"]
[BlackElo "2759"]

1.e4 e5 2.Nf3 Nc6 3.Bb5 Nf6 4.d3 Bc5 5.Bxc6 dxc6 6.h3 Qe7 7.Nc3 h6 8.Be3 Bd6
9.Ne2 Be6 10.a3 Nd7 11.Qd2 c5 12.Qc3 a5 13.O-O O-O 14.g4 h5 15.Nh2 Qh4 16.Kg2 hxg4
17.hxg4 Bxg4 18.Nxg4 Qxg4+ 19.Ng3 Qe6 20.Rh1 f6 21.Nf5 Kf7 22.Rh7 Rg8 23.Rg1 Nf8
24.Rh2 Ng6 25.Bxc5 Bxc5 26.Qxc5 Qc6 27.Qxc6 bxc6 28.Kf3 Ne7 29.Nxe7 Kxe7
30.Rh7 Kf7 31.a4 c5 32.Ke3 Rab8 33.b3 Rbe8 34.Kd2 Re7 35.Kc3 Ke6 36.Kc4 Kd6
37.Rg6 Rf7 38.f3 c6 39.Rh2 Rb8 40.Rh7 Rb4+ 41.Kc3 Rbb7 42.Rh8 Kc7 43.Rg8 Kb6
44.Kd2 Rbd7 45.Ke3 Rde7 46.Rg1 g5 47.Rg6 Re8 48.Rh1 Ref8 49.Kd2 c4 50.bxc4 Kc5
51.Rgh6 Rb8 52.Kc3 Rg8 53.Rb1 Rgf8 54.Kd2 Rd8 55.Ke3 Rdf8 56.Kd2 Rd8 57.Kc3 Rdf8
58.Rd1 Rb8 59.Ra1 Rbf8 60.Rah1 Kb6 61.Rh8 Rxh8 62.Rxh8 Kc5 63.Ra8 Kb6 64.Re8 Kc5
65.Re6 Kb6 66.Kd2 Kc5 67.c3 Rf8 68.Ke3 Rf7 69.d4+ exd4+ 70.cxd4+ Kxc4 71.Rxc6+ Kb4
72.d5 Kxa4 73.Rb6 Ka3 74.d6  1-0

[Event "GCT Rapid YourNextMove"]
[Site "Leuven BEL"]
[Date "2018.06.14"]
[Round "9.4"]
[White "Mamedyarov,S"]
[Black "Nakamura,Hi"]
[Result "0-1"]
[WhiteElo "2808"]
[BlackElo "2769"]

1.d4 Nf6 2.c4 e6 3.Nf3 d5 4.Nc3 Be7 5.Bf4 O-O 6.e3 c5 7.dxc5 Bxc5 8.Qc2 Nc6
9.a3 Qa5 10.Rd1 Re8 11.Bg3 Ne4 12.cxd5 exd5 13.Rxd5 Nxc3 14.bxc3 Be6 15.Rd2 Be7
16.Bd3 g6 17.O-O Qxa3 18.Nd4 Nxd4 19.cxd4 Rac8 20.Qb2 Qxb2 21.Rxb2 Rc3 22.Be2 b6
23.e4 Bc4 24.Bxc4 Rxc4 25.Rd1 Rd8 26.Rbd2 b5 27.Kf1 Bb4 28.Rd3 a5 29.d5 a4
30.d6 Bc3 31.d7 b4 32.Rd5 a3 33.Rb5 a2 34.Rb8 Rxb8 35.Bxb8 Rd4 36.Rxd4 a1=Q+
37.Ke2 Qa6+  0-1

[Event "GCT Blitz YourNextMove"]
[Site "Leuven BEL"]
[Date "2018.06.15"]
[Round "1.1"]
[White "Giri,A"]
[Black "Nakamura,Hi"]
[Result "1-0"]
[WhiteElo "2782"]
[BlackElo "2769"]

1.e4 e5 2.Nf3 Nc6 3.Bb5 Nf6 4.O-O Nxe4 5.Re1 Nd6 6.Nxe5 Be7 7.Bf1 Nf5 8.Nf3 d5
9.d4 O-O 10.Nc3 Nh4 11.Nxh4 Bxh4 12.Ne2 Re8 13.c3 Bf6 14.Bf4 Ne7 15.Ng3 g6
16.Qf3 Bg7 17.Be5 Be6 18.Qf4 c6 19.Bd3 Qd7 20.Bxg7 Kxg7 21.Qe5+ Kg8 22.Qg5 f6
23.Qxf6 Nc8 24.Re5 Qe7 25.Qf4 Qf7 26.Qg5 Nb6 27.Rae1 Nd7 28.R5e3 Nf8 29.Nh5 Nd7
30.Nf4 Nf8 31.h4 Bd7 32.h5 Rxe3 33.Rxe3 Re8 34.hxg6 hxg6 35.Nxg6 Rxe3 36.Ne7+ Kh8
37.fxe3 Qe6 38.Bf5  1-0

[Event "GCT Blitz YourNextMove"]
[Site "Leuven BEL"]
[Date "2018.06.15"]
[Round "2.1"]
[White "Nakamura,Hi"]
[Black "Karjakin,Sergey"]
[Result "1/2-1/2"]
[WhiteElo "2769"]
[BlackElo "2782"]

1.e4 e5 2.Nf3 Nc6 3.Bb5 Nf6 4.d3 Bc5 5.Bxc6 dxc6 6.h3 O-O 7.Be3 Bd6 8.Nbd2 Nd7
9.Nf1 c5 10.Ng3 Nb8 11.Bg5 Be7 12.Bxe7 Qxe7 13.O-O Nc6 14.Nd2 Qg5 15.Nf3 Qe7
16.Qd2 f6 17.Nh4 Qe8 18.Nhf5 Be6 19.f4 c4 20.fxe5 fxe5 21.Rf3 cxd3 22.Raf1 Qg6
23.Qxd3 Qg5 24.Qb5 Rfb8 25.Qc5 Re8 26.b4 a6 27.a4 Qd2 28.b5 axb5 29.axb5 Qb4
30.Qe3 Bxf5 31.Nxf5 Nd4 32.Qg5 Nxf5 33.Qxf5 Qc5+ 34.Kh2 Qe7 35.Qf7+ Qxf7
36.Rxf7 Rf8 37.R7f5 g6 38.R5f3 Rxf3 39.Rxf3 Ra5 40.Rb3 b6 41.Kg3 Ra4 42.Rc3 Rb4
43.Rxc7 Rxb5 44.Kg4 h6 45.Kf3 Rb1 46.Re7 Rb5 47.Ke3 Kf8 48.Rd7 Rb1 49.Rd6 Kf7
50.Rc6 h5 51.h4 b5 52.g3 b4 53.Rc5 b3 54.cxb3 Rxb3+ 55.Kf2 Kf6 56.Rc6+ Kf7
57.Rc5 Kf6  1/2-1/2

[Event "GCT Blitz YourNextMove"]
[Site "Leuven BEL"]
[Date "2018.06.15"]
[Round "3.3"]
[White "Vachier Lagrave,M"]
[Black "Nakamura,Hi"]
[Result "1-0"]
[WhiteElo "2789"]
[BlackElo "2769"]

1.e4 d6 2.d4 g6 3.Bc4 Bg7 4.Nf3 Nf6 5.Qe2 O-O 6.O-O Bg4 7.Rd1 Nc6 8.h3 Bxf3
9.Qxf3 e5 10.c3 Re8 11.d5 Ne7 12.Bd3 Rf8 13.c4 Nd7 14.Nc3 f5 15.Rb1 fxe4
16.Qxe4 Nf5 17.Qe1 e4 18.Nxe4 h6 19.b3 Re8 20.Bb2 Ne5 21.f3 a5 22.a4 Qe7
23.Bc2 Qf7 24.Qf2 b6 25.Bc3 Re7 26.Re1 Rae8 27.Re2 Nd7 28.Rbe1 Rxe4 29.Rxe4 Rxe4
30.fxe4 Bxc3 31.exf5 Bxe1 32.Qxe1 gxf5 33.Qg3+ Kf8 34.Qf4 Kg7 35.Bxf5 Nc5
36.Qg3+ Kf8 37.Bc2 Qe7 38.Qf4+ Kg7 39.Kf2 Qe8 40.Qg4+ Kf8 41.Qf5+ Qf7 42.Qxf7+ Kxf7
43.Ke3 Nd7 44.Kf4 Kf6 45.g4 Nc5 46.h4 Nd7 47.g5+ Kg7 48.Kf5 Nc5 49.gxh6+ Kxh6
50.Kf6 Kh5 51.Ke7 Kxh4 52.Kd8 Na6  1-0

[Event "GCT Blitz YourNextMove"]
[Site "Leuven BEL"]
[Date "2018.06.15"]
[Round "4.1"]
[White "Nakamura,Hi"]
[Black "Aronian,L"]
[Result "1-0"]
[WhiteElo "2769"]
[BlackElo "2764"]

1.d4 Nf6 2.Bf4 d5 3.e3 e6 4.Nd2 Bd6 5.Ngf3 Bxf4 6.exf4 Nbd7 7.Bd3 c5 8.c3 Qb6
9.Rb1 Qd6 10.g3 b6 11.O-O Bb7 12.Re1 O-O 13.b4 cxb4 14.cxb4 Rac8 15.Qa4 Rc3
16.Rb3 Rxb3 17.Qxb3 Rc8 18.Ne5 Ne4 19.Nxe4 dxe4 20.Bxe4 Bxe4 21.Rxe4 Rc1+
22.Kg2 Nf6 23.Qb2 Rd1 24.Qc2 Nxe4 25.Qxd1 f6 26.Nf3 h6 27.Qa4 Kh7 28.Qb3 Qc6
29.b5 Qd5 30.Qc2 f5 31.a4 Nd6 32.Qc6 Ne4 33.Qxd5 exd5 34.Ne5 Nc3 35.Nc6 Nxa4
36.Nxa7 Kg6 37.Kf3 Kf6 38.Ke3 Ke6 39.Kd3 Nb2+ 40.Kc2 Nc4 41.Kc3 Nd6 42.f3 Nc4
43.Nc6 Na3 44.Kb4 Nc2+ 45.Kb3 Ne3 46.Kc3 g5 47.fxg5 hxg5 48.Kd3 Nc4 49.h4 f4
50.hxg5 fxg3 51.Ke2 Kf5 52.f4 Nd2 53.Ne7+ Kxf4 54.g6 g2 55.Kf2 Ne4+ 56.Kxg2 Nf6
57.Nc8 Kg5 58.g7 Kg6 59.Nxb6 Kxg7 60.Na4 Kf7 61.b6 Nd7 62.b7 Nb8 63.Kf3 Ke6
64.Kf4 Kd6 65.Nc5 Kc7 66.Ke5 Kc6 67.Ke6 Kc7 68.Kxd5 Nc6 69.Ke4 Kb6 70.d5 Nb8
71.Kd4 Kc7 72.Kc4 Kd6 73.Kd4 Kc7 74.Ke5 Kb6 75.Kd6  1-0

[Event "GCT Blitz YourNextMove"]
[Site "Leuven BEL"]
[Date "2018.06.15"]
[Round "5.2"]
[White "Caruana,F"]
[Black "Nakamura,Hi"]
[Result "1/2-1/2"]
[WhiteElo "2816"]
[BlackElo "2769"]

1.d4 Nf6 2.c4 e6 3.Nf3 d5 4.g3 Be7 5.Bg2 O-O 6.Qb3 c5 7.cxd5 Qxd5 8.Nc3 Qxb3
9.axb3 Nc6 10.dxc5 Bxc5 11.O-O e5 12.Bg5 Be6 13.Nd2 Rfd8 14.Nc4 h6 15.Bxf6 gxf6
16.e3 Rab8 17.Rfd1 Rxd1+ 18.Rxd1 b5 19.Nxb5 Rxb5 20.Bxc6 Rxb3 21.Bd5 Bg4
22.Rc1 Rd3 23.Nxe5 fxe5 24.Rxc5 Bh3 25.f4 Rd1+ 26.Kf2 Rd2+ 27.Ke1 Rxh2 28.b3 exf4
29.exf4 Be6 30.Bxe6 fxe6 31.Rc7 Rg2 32.Rxa7 Rxg3 33.Re7 Rxb3 34.Rxe6 Rf3
35.Rxh6 Rxf4  1/2-1/2

[Event "GCT Blitz YourNextMove"]
[Site "Leuven BEL"]
[Date "2018.06.15"]
[Round "7.2"]
[White "Mamedyarov,S"]
[Black "Nakamura,Hi"]
[Result "0-1"]
[WhiteElo "2808"]
[BlackElo "2769"]

1.d4 Nf6 2.c4 e6 3.Nf3 d5 4.g3 Be7 5.Bg2 O-O 6.O-O dxc4 7.Qc2 b5 8.a4 b4
9.Qxc4 Ba6 10.Qc2 Nbd7 11.Ne5 Nxe5 12.dxe5 Nd5 13.Rd1 Qc8 14.Be4 h6 15.Bh7+ Kh8
16.Bd3 c5 17.Nd2 b3 18.Qxb3 Rb8 19.Bxa6 Qxa6 20.Qd3 Qc6 21.Nc4 Nb4 22.Qf3 Qa6
23.Qe4 Nc6 24.Be3 Nd4 25.Bxd4 Qxc4 26.Qc6 Qd5 27.Qxd5 exd5 28.Be3 d4 29.Bc1 Rfd8
30.f4 c4 31.Kg2 a5 32.Kf3 f5 33.exf6 Bxf6 34.e4 Rb3+ 35.Kg4 d3 36.e5 Be7
37.Bd2 Bb4 38.Bxb4 axb4 39.e6 Rxb2 40.a5 Re2 41.f5 c3 42.a6 c2 43.Rxd3 Rxd3
44.a7 Rd8  0-1

[Event "GCT Blitz YourNextMove"]
[Site "Leuven BEL"]
[Date "2018.06.15"]
[Round "8.5"]
[White "Nakamura,Hi"]
[Black "Grischuk,A"]
[Result "1-0"]
[WhiteElo "2769"]
[BlackElo "2766"]

1.e4 c5 2.Nc3 d6 3.d4 cxd4 4.Qxd4 Nc6 5.Qd2 g6 6.b3 Bh6 7.f4 f5 8.Bb2 Nf6
9.Bd3 Qa5 10.exf5 Bxf5 11.Nge2 Bxd3 12.Qxd3 Nb4 13.Qd2 Rc8 14.a3 Nc6 15.O-O-O O-O
16.Kb1 Bg7 17.h3 b5 18.Rhe1 b4 19.axb4 Nxb4 20.Nd4 Nfd5 21.Na4 e5 22.fxe5 dxe5
23.c3 exd4 24.cxb4 Nxb4 25.Qe2 Nc2 26.Qe6+ Kh8 27.Rf1 Rfe8 28.Qd7 Rcd8 29.Qb7 Rb8
30.Qd7 Red8 31.Qe7 Ne3 32.Rf7 Nf5 33.Qxa7 Qd5 34.Rxg7 Nxg7 35.Rxd4 Qg8 36.Rxd8 Rxd8
37.Nc5 Re8 38.Qd7 Re1+ 39.Kc2 Qf8 40.Bd4 h5 41.Ne6 Qf5+ 42.Kd2 Rd1+  1-0

[Event "GCT Blitz YourNextMove"]
[Site "Leuven BEL"]
[Date "2018.06.15"]
[Round "9.3"]
[White "So,W"]
[Black "Nakamura,Hi"]
[Result "0-1"]
[WhiteElo "2778"]
[BlackElo "2769"]

1.d4 Nf6 2.c4 e6 3.Nf3 d5 4.Nc3 Be7 5.Bg5 h6 6.Bh4 O-O 7.e3 Ne4 8.Bxe7 Qxe7
9.Rc1 c6 10.Qc2 Nd7 11.Be2 Nxc3 12.Qxc3 dxc4 13.Qxc4 e5 14.O-O Re8 15.a3 exd4
16.Nxd4 Nf6 17.Rfd1 Ne4 18.Bf3 Ng5 19.Be2 Ne4 20.h3 c5 21.Nf3 b6 22.b4 Bb7
23.bxc5 Rac8 24.Qd4 Nxc5 25.Qb4 Qf6 26.Nd4 Qg6 27.Bf3 Bxf3 28.Nxf3 Rcd8 29.Qg4 Qxg4
30.hxg4 Rxd1+ 31.Rxd1 Re4 32.g5 Ra4 33.Rd8+ Kh7 34.Ne5 hxg5 35.Nxf7 Rxa3
36.Rd6 Kg8 37.Nxg5 Kf8 38.e4 Ke7 39.Rg6 b5 40.e5 b4 41.Rxg7+ Ke8 42.Rg8+ Kd7
43.Rb8 b3 44.Kh2 Ra6 45.Nf3 Rh6+ 46.Kg3 a5 47.Nd4 a4 48.Rb5 Nd3 49.e6+ Rxe6
50.Nxb3 Rg6+ 51.Kf3 axb3 52.Rxb3 Ne1+ 53.Ke4 Nxg2 54.Rg3 Re6+ 55.Kf5 Nh4+
56.Kg4 Ng6 57.Rd3+ Kc6 58.f4 Re1 59.Kf5 Ne7+ 60.Kf6 Nd5+ 61.Kf5 Kd6 62.Ra3 Ne7+
63.Kg4 Rg1+ 64.Kf3 Ke6 65.Ra6+ Kf7 66.Ra5 Rb1 67.Kg4 Rb6 68.Rh5 Ng8 69.Ra5 Nf6+
70.Kf5 Rb7 71.Kg5 Kg7 72.Re5 Rf7 73.Ra5 Ne4+ 74.Kg4 Kg6 75.Ra6+ Nf6+ 76.Kf3 Rb7
77.Ra3 Rb5 78.Re3 Rb1 79.Re2 Rf1+ 80.Rf2 Ra1 81.Rg2+ Kf7 82.Rb2 Ra3+ 83.Kg2 Nd5
84.f5 Ne3+ 85.Kf2 Nd1+  0-1

[Event "GCT Blitz YourNextMove"]
[Site "Leuven BEL"]
[Date "2018.06.16"]
[Round "10.4"]
[White "Nakamura,Hi"]
[Black "Giri,A"]
[Result "1-0"]
[WhiteElo "2769"]
[BlackElo "2782"]

1.Nf3 Nf6 2.b3 g6 3.Bb2 Bg7 4.e3 O-O 5.d4 c5 6.dxc5 Qa5+ 7.c3 Re8 8.b4 Qc7
9.c4 a5 10.a3 axb4 11.axb4 Rxa1 12.Bxa1 Na6 13.Be5 d6 14.cxd6 exd6 15.Bc3 Nh5
16.Bxg7 Nxg7 17.b5 Qa5+ 18.Nbd2 Nc5 19.Be2 Ne4 20.O-O Nc3 21.Qe1 Ne6 22.Ne4 Nxe2+
23.Qxe2  1-0

[Event "GCT Blitz YourNextMove"]
[Site "Leuven BEL"]
[Date "2018.06.16"]
[Round "11.1"]
[White "Karjakin,Sergey"]
[Black "Nakamura,Hi"]
[Result "1/2-1/2"]
[WhiteElo "2782"]
[BlackElo "2769"]

1.e4 e5 2.Nf3 Nc6 3.Bb5 Nf6 4.O-O Nxe4 5.Re1 Nd6 6.Nxe5 Be7 7.Bf1 Nf5 8.Nf3 d5
9.d4 O-O 10.c3 Re8 11.g3 Nd6 12.Bf4 Ne4 13.Nbd2 Bf5 14.Nxe4 Bxe4 15.Nd2 Bf5
16.Bg2 Be6 17.Qb3 b6 18.Re2 Bd6 19.Bxd6 Qxd6 20.Rae1 Rf8 21.Nf3 h6 22.Ne5 Nxe5
23.Rxe5 Rad8 24.h4 c6 25.Kh2 Bd7 26.Qa4 a5 27.Qb3 b5 28.a4 Rb8 29.axb5 Rxb5
30.Qa2 Rfb8 31.R5e2 Be6 32.Rd2 c5 33.Qa3 Qc7 34.dxc5 Rb3 35.Qa1 Qxc5 36.Bh3 R3b6
37.Ree2 Bxh3 38.Kxh3 Qc8+ 39.Kg2 Rb5 40.Qa4 Rc5 41.Re7 Qf5 42.Rde2 Rcb5 43.Re8+ Kh7
44.Rxb8 Rxb8 45.Qxa5 Qd3 46.Re3 Qd2 47.b4 d4 48.Qf5+ Kg8 49.Re7 Rf8 50.cxd4 Qxb4
51.Rd7 Qb6 52.Qd5 Qf6 53.Ra7 Qd8 54.Qe4 Re8 55.Qc6 Qc8 56.Qf3 Rf8 57.Qd5 Qe6
58.Qb7 Qd6 59.Qe4 Qe6 60.Qf3 Qd6 61.d5 g6 62.h5 g5 63.Qf5 Kg7 64.Rd7 Qf6
65.Qxf6+ Kxf6 66.Rd6+ Kg7 67.Kf3 Ra8 68.Rc6 Ra2 69.Ke3 Ra3+ 70.Ke4 Ra2 71.f4 gxf4
72.gxf4 Rh2 73.d6 Kf6 74.d7+ Ke7 75.Rd6 Kd8 76.Rxh6 Kxd7 77.Kf5 Ke7 78.Rh8 Ra2
79.h6 Ra5+ 80.Kg4 Ra1 81.Rb8 Rg1+ 82.Kf5 Rh1 83.Rb6 Kf8 84.Ke5 Kg8 85.f5 Kh7
86.Rb7 Ra1 87.Kf6 Kxh6 88.Kxf7 Kh7 89.f6 Ra8 90.Rd7 Rb8 91.Ra7 Rc8 92.Ke6+ Kg8
93.Ke7 Rb8 94.Rd7 Ra8 95.Rc7 Rb8 96.Ra7 Rc8 97.Ke6 Rc6+ 98.Ke7 Rc8 99.Ra1 Rc7+
100.Ke8 Rc8+ 101.Kd7 Rc2  1/2-1/2

[Event "GCT Blitz YourNextMove"]
[Site "Leuven BEL"]
[Date "2018.06.16"]
[Round "12.4"]
[White "Nakamura,Hi"]
[Black "Vachier Lagrave,M"]
[Result "0-1"]
[WhiteElo "2769"]
[BlackElo "2789"]

1.e4 c5 2.Nf3 d6 3.Nc3 Nf6 4.h3 e5 5.Bc4 Be7 6.d3 Nc6 7.O-O O-O 8.Bd2 Na5
9.Qe2 Nxc4 10.dxc4 Be6 11.Rad1 Qc7 12.Bg5 Ne8 13.b3 h6 14.Bxe7 Qxe7 15.Rd3 a6
16.a4 Rc8 17.Rfd1 Rc6 18.Nh2 f5 19.exf5 Bxf5 20.Nd5 Qe6 21.Rf3 Rc8 22.Nf1 Bg6
23.Nf4 Rxf4 24.Rxf4 Bxc2 25.Rc1 Bxb3 26.a5 Ba4 27.Rg4 Nf6 28.Rg3 Bc6 29.Ne3 Rf8
30.Nd1 Qf7 31.Rd3 Nh5 32.g3 Qg6 33.Rd2 Rf3 34.Rd5 Bxd5 35.cxd5 Nxg3 36.fxg3 Qxg3+
37.Qg2 Qe1+ 38.Kh2 Qe4 39.Rc4 Qxd5 40.Rg4 g5 41.Nc3 Qf7 42.Rg3 Rf2  0-1

[Event "GCT Blitz YourNextMove"]
[Site "Leuven BEL"]
[Date "2018.06.16"]
[Round "13.3"]
[White "Aronian,L"]
[Black "Nakamura,Hi"]
[Result "0-1"]
[WhiteElo "2764"]
[BlackElo "2769"]

1.e4 c5 2.Nc3 d6 3.Nge2 Nf6 4.g3 g6 5.Bg2 Bg7 6.O-O O-O 7.d3 Nc6 8.Bg5 Rb8
9.Nd5 Ne8 10.c3 h6 11.Bd2 b5 12.f4 e6 13.Ne3 Ne7 14.g4 d5 15.e5 a5 16.d4 cxd4
17.cxd4 b4 18.f5 f6 19.fxe6 Bxe6 20.Nf4 Qb6 21.Qb3 Rd8 22.Nxe6 Qxe6 23.exf6 Nxf6
24.Rae1 Nxg4 25.Rxf8+ Rxf8 26.Nxg4 Qxg4 27.Rxe7 Qxd4+ 28.Be3 Qh4 29.Qxd5+ Kh8
30.Rf7 Qe1+ 31.Rf1 Qxe3+ 32.Kh1 Rxf1+ 33.Bxf1 Qc1 34.Qc4 Qxb2 35.Bd3 Qf6
36.Qe4 Kh7 37.h4 h5 38.Kg2 Qd6 39.Bc2 Be5 40.Qd3 Qc6+ 41.Qe4 Qf6 42.Qf3 Qe6
43.Qxh5+ Kg7 44.Qg5 Qc6+ 45.Kf1 Qc4+ 46.Kg1 Bd4+ 47.Kh1 Qxc2 48.Qe7+ Kh6  0-1

[Event "GCT Blitz YourNextMove"]
[Site "Leuven BEL"]
[Date "2018.06.16"]
[Round "14.4"]
[White "Nakamura,Hi"]
[Black "Caruana,F"]
[Result "0-1"]
[WhiteElo "2769"]
[BlackElo "2816"]

1.Nf3 d5 2.b3 Nf6 3.Bb2 g6 4.Bxf6 exf6 5.e3 c6 6.d4 Bd6 7.g3 O-O 8.Bg2 Re8
9.O-O Be6 10.Nfd2 Bf8 11.c4 Na6 12.Nc3 Nc7 13.a3 a5 14.c5 h5 15.b4 axb4 16.axb4 Bh6
17.Rxa8 Qxa8 18.Qb3 Bf5 19.Qb2 Qc8 20.b5 h4 21.Re1 Bd3 22.bxc6 bxc6 23.Nf3 h3
24.Bf1 Bxf1 25.Rxf1 Qf5 26.Qe2 Rb8 27.Nh4 Qe6 28.Qc2 Kg7 29.Nf3 Qg4 30.Nd2 Ne6
31.f4 Re8 32.Qd3 Kg8 33.Nd1 Bf8 34.Nf2 Qh5 35.Rc1 Ra8 36.g4 Qh6 37.Nf3 Be7
38.Re1 Bd8 39.Qf1 Ra3 40.Qxh3 Qf8 41.Qg3 Bc7 42.Qg2 Ra2 43.f5 Ng5 44.h4 Ne4
45.Rf1 Bg3 46.Nxe4 Rxg2+ 47.Kxg2 dxe4 48.Nd2 Bxh4 49.Nxe4 Qd8 50.Nd6 Qb8
51.Kf3 Qb2 52.d5 cxd5 53.c6 Qc2 54.Nc8 Kg7  0-1

[Event "GCT Blitz YourNextMove"]
[Site "Leuven BEL"]
[Date "2018.06.16"]
[Round "15.1"]
[White "Anand,V"]
[Black "Nakamura,Hi"]
[Result "0-1"]
[WhiteElo "2759"]
[BlackElo "2769"]

1.e4 d6 2.d4 g6 3.Nc3 Bg7 4.f4 a6 5.Nf3 b5 6.Bd3 Nd7 7.a4 b4 8.Ne2 c5 9.c3 Bb7
10.O-O Ngf6 11.e5 Nd5 12.Bd2 bxc3 13.bxc3 cxd4 14.cxd4 O-O 15.Ng3 a5 16.Kh1 Nb4
17.Be4 d5 18.Bb1 Ba6 19.Re1 e6 20.f5 exf5 21.Nxf5 gxf5 22.Bxf5 h6 23.Ra3 Bc8
24.Ng5 Nb6 25.Bh7+ Kh8 26.Qh5 f6 27.exf6 Qxf6 28.Rf3 Bg4 29.Qxg4 Qxd4 30.Nf7+ Kxh7
31.Qf5+ Kg8 32.Nxh6+ Kh8 33.Nf7+ Kg8 34.Nh6+ Kh8 35.Nf7+ Kg8 36.Bc3 Qxc3
37.Rxc3 Rxf7 38.Qe6 Bxc3 39.Rf1 Rf8 40.g4 Nd7 41.g5 Nc5 42.Qg6+ Bg7 43.Rxf7 Rxf7
44.h4 Nbd3 45.h5 Nf4 46.Qc6 Ne4 47.h6 Bf8 48.g6 Rf6 49.h7+ Kh8  0-1

[Event "GCT Blitz YourNextMove"]
[Site "Leuven BEL"]
[Date "2018.06.16"]
[Round "16.2"]
[White "Nakamura,Hi"]
[Black "Mamedyarov,S"]
[Result "1-0"]
[WhiteElo "2769"]
[BlackElo "2808"]

1.Nf3 Nf6 2.b3 g6 3.Bb2 Bg7 4.e3 O-O 5.d4 c5 6.dxc5 Qa5+ 7.c3 Qxc5 8.Ba3 Qb6
9.Bxe7 Re8 10.Bxf6 Bxf6 11.Be2 Nc6 12.O-O a5 13.Nd4 d5 14.Na3 Bd7 15.Rc1 a4
16.Nac2 axb3 17.axb3 Rec8 18.Bf3 Be6 19.Nxe6 fxe6 20.c4 Ne5 21.Nd4 dxc4 22.bxc4 Nxf3+
23.Nxf3 Rc6 24.Rb1 Qc7 25.Qb3 b6 26.h3 Ra5 27.Rfd1 Rac5 28.Nd2 Be7 29.Ra1 Ra5
30.Ra4 Qe5 31.Nf3 Qc5 32.Rd7 Rc7 33.Rxa5 bxa5 34.Qb8+ Rc8 35.Qb7 Re8 36.Rc7 Qd6
37.c5 Qd8 38.Rd7  1-0

[Event "GCT Blitz YourNextMove"]
[Site "Leuven BEL"]
[Date "2018.06.16"]
[Round "17.4"]
[White "Grischuk,A"]
[Black "Nakamura,Hi"]
[Result "1/2-1/2"]
[WhiteElo "2766"]
[BlackElo "2769"]

1.e4 d6 2.d4 g6 3.Nf3 Bg7 4.Bd3 Nc6 5.c3 e5 6.d5 Nce7 7.c4 f5 8.Nc3 Nf6 9.h3 h6
10.Be3 O-O 11.Qe2 c6 12.dxc6 bxc6 13.Rd1 f4 14.Bc1 c5 15.Bc2 Nc6 16.Nd5 g5
17.b3 Ne8 18.b4 cxb4 19.Ba4 Bb7 20.Bxc6 Bxc6 21.Nxb4 Ba4 22.Rd2 Rc8 23.O-O Bd7
24.Bb2 g4 25.hxg4 Bxg4 26.Qd3 Bxf3 27.Qxf3 Kh7 28.Rc1 Qg5 29.Nd5 Nf6 30.Ba3 Rcd8
31.Rcd1 Ng4 32.Nc7 Qh5 33.Qh3 Qg6 34.Rxd6 Rxd6 35.Rxd6 Rf6 36.Rxf6 Nxf6 37.f3 Nxe4
38.fxe4 Qb6+ 39.c5 Qxc7 40.Qf5+ Kh8 41.Kh2 Qc6 42.Bb4 a5 43.Ba3 Kg8 44.Kh1 Kh8
45.Kh2 Kg8 46.Kh1 Kh8  1/2-1/2

[Event "GCT Blitz YourNextMove"]
[Site "Leuven BEL"]
[Date "2018.06.16"]
[Round "18.3"]
[White "Nakamura,Hi"]
[Black "So,W"]
[Result "1-0"]
[WhiteElo "2769"]
[BlackElo "2778"]

1.Nf3 Nf6 2.b3 g6 3.Bb2 Bg7 4.e3 O-O 5.d4 c5 6.dxc5 Qa5+ 7.c3 Qxc5 8.Ba3 Qc7
9.Bxe7 Re8 10.Bxf6 Bxf6 11.Nd4 Nc6 12.Be2 d5 13.O-O Ne5 14.Qd2 Bd7 15.Na3 Rac8
16.Rac1 a6 17.Rfd1 Qa5 18.Qb2 Rc7 19.c4 Be7 20.Ndc2 Bf6 21.Nd4 Be7 22.Nb1 Rec8
23.cxd5 Rxc1 24.Rxc1 Rxc1+ 25.Qxc1 Qxa2 26.Nc3 Qa5 27.h3 Be8 28.Kh1 Kg7 29.f4 Bb4
30.Nd1 Nd7 31.e4 Bd2 32.Qb2 Nf6 33.g3 Kg8 34.Bf3 Bd7 35.Kg2 Bb4 36.Ne2 Be7
37.d6 Bd8 38.Qc3 Qa2 39.Qb2 Qa5 40.Ne3 Bc6 41.e5 Nd5 42.Nxd5 Bxd5 43.Qc3 Qa2
44.Kf1 Qb1+ 45.Kg2 Qd1 46.Nd4 Bb6 47.Bxd5 Bxd4 48.Qc4 h5 49.h4 Qg1+ 50.Kh3 Bf2
51.Bg2 Qd1 52.Qc8+ Kg7 53.Qc3 Kg8 54.Qf3 Qd4 55.Qxb7 Qd3 56.Qf3 Qf5+ 57.Kh2 Bc5
58.Qc3 Bf2 59.Qd2 Bb6 60.d7 Bd8 61.Qd6 a5 62.Qc6 Kg7 63.Qc8 Bxh4 64.d8=Q  1-0

[Event "GCT Rapid Paris 2018"]
[Site "Paris FRA"]
[Date "2018.06.20"]
[Round "1.4"]
[White "Kramnik,V"]
[Black "Nakamura,Hi"]
[Result "1/2-1/2"]
[WhiteElo "2792"]
[BlackElo "2769"]

1.Nf3 Nf6 2.g3 d5 3.Bg2 e6 4.O-O Be7 5.c4 O-O 6.b3 c5 7.cxd5 Nxd5 8.Nc3 Nc6
9.Nxd5 exd5 10.d4 b6 11.Ba3 Ba6 12.dxc5 bxc5 13.Rc1 Qa5 14.Qxd5 Qxa3 15.Qxc6 Bxe2
16.Rfe1 Rac8 17.Qa4 Qxa4 18.bxa4 Bxf3 19.Rxe7 Bxg2 20.Kxg2 a6 21.Rc4 Rc6
22.a5 Rb8 23.Ra7 h5 24.h4 Rb4 25.Rxb4 cxb4 26.Rb7 Rc2 27.Rb6 Rxa2 28.Rxa6 b3
29.Rb6 g6 30.Rxb3 Rxa5  1/2-1/2